[Event "Hessen-ch Seniors op 09th"]
[Site "Bad Sooden-Allendorf"]
[Date "2013.04.25"]
[Round "6"]
[White "Freerksen, Uwe"]
[Black "Jobski, Werner"]
[Result "1-0"]
[WhiteElo "1562"]
[BlackElo "1805"]
[PlyCount "79"]
[EventDate "2013.04.20"]
[EventType "swiss"]
[EventRounds "9"]
[EventCountry "GER"]
[SourceTitle "EXT 2019"]
[Source "ChessBase"]
[SourceDate "2018.10.10"]
[SourceVersion "1"]
[SourceVersionDate "2018.10.10"]
[SourceQuality "1"]

1. e4 e5 2. Nc3 Nf6 3. d3 Nc6 4. Nf3 d6 5. b3 Be7 6. Bb2 Bd7 7. Be2 Nd4 8. h3 Nxe2 9. Nxe2 c5 10. c4 b5 11. 0-0 b4 12. Kh2 h5 13. Bc1 Ng4+ 14. Kg1 Nh6 15. Nh2 g5 16. a3 a5 17. axb4 axb4 18. Bb2 Rf8 19. Qd2 f5 20. h4 f4 21. Rxa8 Qxa8 22. f3 gxh4 23. Ra1 Qb7 24. Qe1 Rg8 25. Kh1 h3 26. g3 fxg3 27. Nxg3 Bh4 28. Nhf1 Be6 29. Ra2 Qg7 30. Kh2 Bd8 31. f4 Qb7 32. Kh1 exf4 33. Nxh5 Rg2 34. Nxf4 Qh7 35. Nxg2 hxg2+ 36. Kxg2 Qg6+ 37. Qg3 Bg4 38. Bc1 Qe6 39. Bxh6 Qxh6 40. Qxg4 1-0

[Event "Hessen-ch Seniors op 09th"]
[Site "Bad Sooden-Allendorf"]
[Date "2013.04.21"]
[Round "2"]
[White "Berger, Eduard"]
[Black "Jobski, Werner"]
[Result "1-0"]
[WhiteElo "1888"]
[BlackElo "1805"]
[PlyCount "35"]
[EventDate "2013.04.20"]
[EventType "swiss"]
[EventRounds "9"]
[EventCountry "GER"]
[SourceTitle "EXT 2019"]
[Source "ChessBase"]
[SourceDate "2018.10.10"]
[SourceVersion "1"]
[SourceVersionDate "2018.10.10"]
[SourceQuality "1"]

1. e4 e5 2. f4 exf4 3. Nf3 c6 4. d4 Bb4+ 5. c3 Ba5 6. Bxf4 Ne7 7. Bc4 Bc7 8. Ne5 d5 9. exd5 cxd5 10. Bb5+ Nec6 11. 0-0 0-0 12. Nxc6 bxc6 13. Bd3 Bxf4 14. Rxf4 Nd7 15. Bxh7+ Kh8 16. Qh5 Nf6 17. Rxf6 Qxf6 18. Bg6+ 1-0

[Event "Hessen-ch Seniors op 08th"]
[Site "Bad Sooden-Allendorf"]
[Date "2012.04.14"]
[Round "1"]
[White "Jobski, Werner"]
[Black "Geibel, Henning"]
[Result "0-1"]
[WhiteElo "1844"]
[BlackElo "1532"]
[PlyCount "56"]
[EventDate "2012.04.14"]
[EventType "swiss"]
[EventRounds "9"]
[EventCountry "GER"]
[SourceTitle "EXT 2019"]
[Source "ChessBase"]
[SourceDate "2018.10.10"]
[SourceVersion "1"]
[SourceVersionDate "2018.10.10"]
[SourceQuality "1"]

1. e4 e5 2. Nf3 d6 3. Bc4 Be7 4. d4 exd4 5. Nxd4 Nf6 6. 0-0 Nxe4 7. f3 Nf6 8. Re1 0-0 9. Qd3 d5 10. Bb3 c5 11. Nf5 Bxf5 12. Qxf5 c4 13. Ba4 Bc5+ 14. Be3 Qb6 15. Bxc5 Qxc5+ 16. Kf1 b5 17. Bb3 cxb3 18. axb3 Nc6 19. c3 a5 20. Nd2 Qd6 21. Kg1 b4 22. c4 Nd4 23. Qd3 Qb6 24. Kh1 dxc4 25. bxc4 a4 26. Ne4 b3 27. Nc3 Nc2 28. Nxa4 Rxa4 0-1

[Event "Hessen-ch Seniors op 07th"]
[Site "Bad Sooden-Allendorf"]
[Date "2011.05.06"]
[Round "7"]
[White "Jobski, Werner"]
[Black "Klose, Hans Peter"]
[Result "1/2-1/2"]
[WhiteElo "1559"]
[BlackElo "1412"]
[PlyCount "36"]
[EventDate "2011.04.30"]
[EventType "swiss"]
[EventRounds "9"]
[EventCountry "GER"]
[SourceTitle "EXT 2012"]
[Source "ChessBase"]
[SourceDate "2011.11.24"]
[SourceVersion "1"]
[SourceVersionDate "2011.11.24"]
[SourceQuality "1"]

1. e4 c5 2. Nf3 d6 3. Bc4 e6 4. 0-0 g6 5. d4 cxd4 6. Qxd4 Nf6 7. Bg5 Be7 8. Bh6 Nc6 9. Qc3 Qa5 10. Bg7 Qxc3 11. Nxc3 Rg8 12. Bh6 Ng4 13. Bd2 Nge5 14. Be2 Nxf3+ 15. Bxf3 Bd7 16. Nb5 Rc8 17. Rad1 a6 18. Nc3 Nd4 1/2-1/2

[Event "Hessen-ch Seniors op 05th"]
[Site "Bad Sooden-Allendorf"]
[Date "2009.05.02"]
[Round "8"]
[White "Jobski, Werner"]
[Black "Farin, Friedrich"]
[Result "1-0"]
[WhiteElo "1621"]
[BlackElo "1289"]
[PlyCount "41"]
[EventDate "2009.04.25"]
[EventType "swiss"]
[EventRounds "9"]
[EventCountry "GER"]
[SourceTitle "EXT 2022"]
[Source "ChessBase"]
[SourceDate "2021.10.06"]
[SourceVersion "1"]
[SourceVersionDate "2021.10.06"]
[SourceQuality "1"]

1. e4 g6 2. d4 Bg7 3. Nf3 d6 4. Bc4 Nf6 5. Nc3 0-0 6. Be3 Nbd7 7. Qd2 Re8 8. e5 dxe5 9. dxe5 Ng4 10. e6 fxe6 11. Bxe6+ Kh8 12. Bxg4 e5 13. 0-0-0 a6 14. Bg5 b5 15. Bxd8 Rxd8 16. Ng5 Re8 17. Nf7+ Kg8 18. Qd5 c6 19. Nh6+ Kh8 20. Qg8+ Rxg8 21. Nf7# 1-0

[Event "Hessen-ch Seniors op 05th"]
[Site "Bad Sooden-Allendorf"]
[Date "2009.04.27"]
[Round "3"]
[White "Ahlberg, Guenter"]
[Black "Jobski, Werner"]
[Result "1-0"]
[WhiteElo "1894"]
[BlackElo "1621"]
[PlyCount "95"]
[EventDate "2009.04.25"]
[EventType "swiss"]
[EventRounds "9"]
[EventCountry "GER"]
[SourceTitle "EXT 2022"]
[Source "ChessBase"]
[SourceDate "2021.10.06"]
[SourceVersion "1"]
[SourceVersionDate "2021.10.06"]
[SourceQuality "1"]

1. e4 e5 2. Nf3 Nc6 3. Bb5 a6 4. Ba4 Nf6 5. Qe2 d6 6. Bxc6+ bxc6 7. d4 exd4 8. Nxd4 c5 9. Nb3 Bg4 10. f3 Be6 11. Nc3 Be7 12. 0-0 0-0 13. Be3 Qb8 14. Rab1 Qb4 15. Rfd1 Bc4 16. Qf2 Bxb3 17. axb3 Rfd8 18. Ra1 c6 19. Ra4 Qb7 20. Rda1 c4 21. Rxc4 d5 22. exd5 Nxd5 23. Nxd5 Rxd5 24. Rd4 Rad8 25. Rxd5 Rxd5 26. g3 h6 27. Qe2 Re5 28. Qd3 Rd5 29. Qxa6 Qd7 30. Qe2 Re5 31. Qf2 Qf5 32. Kg2 h5 33. Re1 Rd5 34. Qe2 Bb4 35. c3 Bd6 36. Rd1 h4 37. Rxd5 h3+ 38. Kf2 Qxd5 39. Qd2 Qe6 40. c4 Qg6 41. c5 Be7 42. Ke2 Qe6 43. Qc2 Bg5 44. Qe4 Qxb3 45. Bxg5 Qxb2+ 46. Bd2 Qf6 47. Qe3 Qg6 48. Qe8+ 1-0

[Event "Mecklenburg VP-ch Seniors op 08th"]
[Site "Plau am See"]
[Date "2008.10.06"]
[Round "1"]
[White "Jobski, Werner"]
[Black "Thieme, Hans"]
[Result "0-1"]
[WhiteElo "1642"]
[BlackElo "1974"]
[PlyCount "60"]
[EventDate "2008.10.06"]
[EventType "swiss"]
[EventRounds "9"]
[EventCountry "GER"]
[SourceTitle "EXT 2022"]
[Source "ChessBase"]
[SourceDate "2021.10.06"]
[SourceVersion "1"]
[SourceVersionDate "2021.10.06"]
[SourceQuality "1"]

1. e4 c5 2. Nf3 e6 3. d4 cxd4 4. Nxd4 Nf6 5. Bd3 a6 6. Be3 d6 7. Nc3 Nbd7 8. 0-0 b6 9. f4 Bb7 10. f5 e5 11. Nde2 Ng4 12. Rf3 Nxe3 13. Rxe3 d5 14. Rf3 d4 15. Nd5 Bxd5 16. exd5 Nf6 17. c4 dxc3 18. Qa4+ b5 19. Bxb5+ axb5 20. Qxb5+ Qd7 21. Nxc3 Qxb5 22. Nxb5 Bc5+ 23. Kf1 Kd7 24. Rc3 Rhc8 25. Rac1 Bb6 26. Rc6 Rcb8 27. Rd6+ Ke7 28. Rcc6 Bd8 29. Rxd8 Kxd8 30. Rd6+ Ke7 0-1

[Event "Hessen-ch Seniors op 04th"]
[Site "Bad Sooden-Allendorf"]
[Date "2008.04.24"]
[Round "1"]
[White "Jobski, Werner"]
[Black "Opl, Klaus"]
[Result "0-1"]
[WhiteElo "1683"]
[BlackElo "2308"]
[PlyCount "68"]
[EventDate "2008.04.24"]
[EventType "swiss"]
[EventRounds "9"]
[EventCountry "GER"]
[SourceTitle "EXT 2022"]
[Source "ChessBase"]
[SourceDate "2021.10.06"]
[SourceVersion "1"]
[SourceVersionDate "2021.10.06"]
[SourceQuality "1"]

1. e4 c5 2. Nf3 e6 3. Be2 Nc6 4. 0-0 Nf6 5. Nc3 Qc7 6. d4 cxd4 7. Nb5 Qb8 8. Nfxd4 Nxe4 9. Be3 a6 10. Nxc6 bxc6 11. Nd4 c5 12. Nb3 Qc7 13. f3 Nf6 14. Qd2 Bd6 15. Kh1 Nd5 16. f4 c4 17. Nd4 Rb8 18. b3 c3 19. Qc1 f5 20. Bd3 0-0 21. Ne2 Bb7 22. Bd4 Qc6 23. Rf3 Bc5 24. Rg3 Bxd4 25. Nxd4 Qc5 26. Nf3 d6 27. Ng5 Rbe8 28. Be2 h6 29. Nh3 Nf6 30. Qe3 Ne4 31. Rf3 Rc8 32. Qxc5 Rxc5 33. Rd1 Rf6 34. Bd3 a5 0-1

[Event "Hessen-ch Seniors op 03rd"]
[Site "Bad Sooden-Allendorf"]
[Date "2007.05.01"]
[Round "4"]
[White "Braeu, Emmi"]
[Black "Jobski, Werner"]
[Result "0-1"]
[WhiteElo "1416"]
[BlackElo "1719"]
[PlyCount "116"]
[EventDate "2007.04.27"]
[EventType "swiss"]
[EventRounds "9"]
[EventCountry "GER"]
[SourceTitle "EXT 2022"]
[Source "ChessBase"]
[SourceDate "2021.10.06"]
[SourceVersion "1"]
[SourceVersionDate "2021.10.06"]
[SourceQuality "1"]

1. Nf3 Nf6 2. c4 Nc6 3. g3 d5 4. Bg2 e5 5. 0-0 Be7 6. b3 Bg4 7. Bb2 d4 8. d3 Qd7 9. a3 Rd8 10. b4 e4 11. dxe4 Nxe4 12. b5 Na5 13. Ne5 Qe6 14. Nxg4 Nc3 15. Bxc3 dxc3 16. Qc2 Qxg4 17. Nxc3 Qxc4 18. Rac1 c6 19. bxc6 Nxc6 20. Nb1 Qxc2 21. Rxc2 Rd6 22. Rfc1 Kd7 23. Bh3+ Kc7 24. Nc3 a6 25. Ne4 Rd4 26. Bg2 Bxa3 27. Rb1 Rhd8 28. Bf3 Rd1+ 29. Rxd1 Rxd1+ 30. Kg2 Rc1 31. Rd2 h6 32. e3 f5 33. Ra2 fxe4 34. Bxe4 Bd6 35. h4 Nb4 36. Rd2 a5 37. Bg6 a4 38. f4 a3 39. Bf7 Rc2 40. Rxc2+ Nxc2 41. e4 Nb4 42. e5 Be7 43. Kf3 a2 44. Bxa2 Nxa2 45. f5 Nc3 46. Ke3 Nd5+ 47. Kd4 Kc6 48. h5 Bc5+ 49. Ke4 b5 50. Kd3 Bf2 51. g4 Bg3 52. e6 Kd6 53. Ke4 Nf6+ 54. Kf3 Bh4 55. Ke3 Nxg4+ 56. Kd4 Nf6 57. Kc3 Nd5+ 58. Kb3 Kc5 0-1

[Event "Mecklenburg VP-ch Seniors op 06th"]
[Site "Plau am See"]
[Date "2006.10.07"]
[Round "4"]
[White "Ulrich, Gert"]
[Black "Jobski, Werner"]
[Result "0-1"]
[WhiteElo "1524"]
[BlackElo "1748"]
[PlyCount "62"]
[EventDate "2006.10.04"]
[EventType "swiss"]
[EventRounds "9"]
[EventCountry "GER"]
[SourceTitle "EXT 2022"]
[Source "ChessBase"]
[SourceDate "2021.10.06"]
[SourceVersion "1"]
[SourceVersionDate "2021.10.06"]
[SourceQuality "1"]

1. d4 Nf6 2. c4 e5 3. d5 Bc5 4. Nc3 0-0 5. h3 d6 6. Bg5 h6 7. Bxf6 Qxf6 8. Nf3 Bf5 9. e4 Bg6 10. Be2 Nd7 11. 0-0 Qd8 12. Nd2 f5 13. exf5 Bxf5 14. Nde4 Qh4 15. Nxc5 Nxc5 16. b4 Nd7 17. Bg4 Bxg4 18. Qxg4 Qxg4 19. hxg4 Rf4 20. f3 Rxc4 21. Nb5 a6 22. Na3 Rxb4 23. Rfc1 Nc5 24. Nc2 Rc4 25. Kh2 e4 26. Kg3 Re8 27. f4 Rc3+ 28. Kh4 Kf7 29. g5 hxg5+ 30. fxg5 Kg6 31. Kg4 Re5 0-1

[Event "Mecklenburg VP-ch Seniors op 06th"]
[Site "Plau am See"]
[Date "2006.10.05"]
[Round "2"]
[White "Wirth, Helmut"]
[Black "Jobski, Werner"]
[Result "0-1"]
[WhiteElo "1358"]
[BlackElo "1748"]
[PlyCount "60"]
[EventDate "2006.10.04"]
[EventType "swiss"]
[EventRounds "9"]
[EventCountry "GER"]
[SourceTitle "EXT 2022"]
[Source "ChessBase"]
[SourceDate "2021.10.06"]
[SourceVersion "1"]
[SourceVersionDate "2021.10.06"]
[SourceQuality "1"]

1. e4 c5 2. Nf3 e6 3. d3 Nc6 4. g3 d6 5. Bg2 Bd7 6. 0-0 Nf6 7. Nc3 Be7 8. Re1 a6 9. e5 Ng4 10. exd6 Bxd6 11. h3 Nf6 12. Ne4 Be7 13. Bg5 Nxe4 14. Bxe7 Qxe7 15. dxe4 e5 16. c4 0-0 17. a3 Rfd8 18. Qc2 a5 19. Rad1 Nd4 20. Qc3 Ba4 21. Rd2 b6 22. Re3 Rd6 23. Bf1 Rad8 24. Red3 Nxf3+ 25. Rxf3 Rxd2 26. Bd3 Rd1+ 27. Kg2 Qd6 28. Be2 Rd2 29. Bd3 Rxd3 30. Rxd3 Qxd3 0-1